000 00600nam a22002057a 4500
005 20130911121941.0
010 _aENG-108371
020 _c600.00
_a9789381574089
035 _aEN-91904
037 _bDBAD/PUB
082 _a954
245 0 0 _aIntroducing India /
_cedited by K.N. Bagchi [and] W.G. Griffiths
260 _aKolkata
_bThe Asiatic Society
_c2013(repr.)
270 _a1 Park Street
_bKolkata
_e700016
300 _axiv,291p.
_c24cm(Hb)
490 _aMonograph series no. LVII
700 _aBagchi, K.N.
700 _aGriffiths, W.G.
942 _2ddc
_cEN
_mINT
_h954
999 _c78738
_d78738